000 00727nam a2200229 i 4500
001 102420
003 ES-MaACL
005 20250822062550.0
007 t|
008 051110s1968 sp ||||1| spa d
080 _a159.9
100 1 _aMerani, Alberto L.
_980403
245 1 0 _aProblemas y pseudoproblemas de la psicología /
_cAlberto L. Merani.
250 _a1ª ed.
260 _aBarcelona :
_bGrijalbo,
_c1968.
300 _a272 p. ;
_c20 cm.
490 1 _aColección Norte. Serie "Biología y Psicología de Hoy"
650 1 7 _aPsicología
_2embne
_916540
830 0 0 _aColección Norte.
_pBiología y psicología de hoy
_9232519
852 _aES-MaACL
_jC-56782
_bR.67433
999 _c102420
_d102420